فضائل القرآن / (رقم التسجيلة. 17775)

تفاصيل مارك
000 -الفاتح
عناصر البيانات ثابتة الطول 00718cam a2200193 i 4500
005 - تاريخ ووقت آخر معاملة
حقل ضبط 20251201123744.0
008 - عناصر البيانات ثابتة الطول
عناصر البيانات ثابتة الطول 250721s1989 ua gr 000 0 ara d
082 14 - رقم تصنيف ديوي العشري
رقم التصنيف 213
رقم المادة ك ث ي
100 1# - مدخل رئيسي – اسم شخصي
الاسم الشخصي إسماعيل، عماد الدين أبو الفداء
علاقة الشخص بالعمل/ دوره مؤلف.
245 10 - بيان العنوان
العنوان فضائل القرآن /
بيان المسؤولية تأليف ابن كثير ؛ تحقيق سعيد عبد المجيد محمود.
264 31 - بيانات النشر، التوزيع…إلخ
مكان النشر، التوزيع...إلخ القاهره :
اسم الناشر، الموزع...إلخ دار الحديث،
تاريخ النشر، التوزيع...إلخ 1989.
300 ## - الوصف المادي
عدد الوحدات المكونة للوعاء 225 صفحة.
650 17 - مدخل إضافي بالموضوع - مصطلح موضوعي
مصطلح موضوعي أو اسم جغرافي كعنصر مدخل الإسلام.
650 17 - مدخل إضافي بالموضوع - مصطلح موضوعي
مصطلح موضوعي أو اسم جغرافي كعنصر مدخل الحديث الشريف.
650 17 - مدخل إضافي بالموضوع - مصطلح موضوعي
مصطلح موضوعي أو اسم جغرافي كعنصر مدخل القرآن الكريم.
700 1# - مدخل إضافي - اسم شخصي
الاسم الشخصي محمود، سعيد عبد المجيد
علاقة الشخص بالعمل/ دوره محقق.
942 ## - بيانات إضافية (كوها)
نوع التنصيف Dewey Decimal Classification
نوع المادة (كوها) كتب
المقتنيات
حالة السحب حالة الفقدان مصدر التصنيف حالة التلف غير قابل للإعارة المكتبة الرئيسية المكتبة الحالية موقع الرف تاريخ التزويد الرقم المتسلسل Total Checkouts رقم الإستدعاء الباركود تاريخ آخر ظهور تاريخ الفاتورة نوع المادة (كوها)
    Dewey Decimal Classification     المكتبة المركزية المكتبة المركزية الإعارة 06/07/2004 164310   213 / ك ث ي 164310 28/07/2025 06/07/2004 كتب
Implemented & Customized by: BBB with SCIT (Smart Chains for Information Technology)

Powered by Koha